Anatomical Directional Terms - Statistics

General Stats
  • This quiz has been taken 2 times
  • The average score is 18 of 30
Answer Stats
Hint Answer % Correct
toward the center central
100%
on the opposite side of the body contralateral
100%
toward the head cranial
100%
away from the surface deep
100%
farther from the body or point of origin distal
100%
toward the back / upper surface dorsal
100%
below inferior
100%
oriented lengthwise longitudinal
100%
toward the midline medial
100%
toward the outer regions peripheral
100%
above superior
100%
oriented crosswise / horizontal transverse
100%
toward the belly / lower surface ventral
100%
relating to organs / inner membrane layer visceral
100%
toward the front anterior
50%
toward the tail caudal
50%
between two structures intermediate
50%
toward the side lateral
50%
angled / diagonal oblique
50%
toward the back posterior
50%
toward the snout / nose rostral
50%
toward the surface superficial
50%
toward a central structure afferent
0%
dividing front and back coronal
0%
away from a central structure efferent
0%
on the same side of the body ipsilateral
0%
directly on the midline midsagittal
0%
relating to body wall / outer membrane layer parietal
0%
closer to the body or point of origin proximal
0%
parallel to the midline sagittal
0%
No matching quizzes found
Score Distribution
Percent of People with Each Score
Percentile by Number Answered
Your Score History
You have not taken this quiz